000 00701nam a2200157 a 4500
008 120416s1961 ||||||||||||||||| || u
050 _aN 5310 Sym
100 _aSmith, Marian W
245 1 4 _aThe artist in tribal society
_cedited by Marian W. Smith
246 _aproceedings...
260 _aLondon
_bRoutledge and Kegan Paul
_c1961
300 _axiii, 150p. : ill.
350 _a0.00
995 _aANNEX COLLECTION (Main Library)
_D0.00
_e012321
_FCBU-MAIN LIBRARY (Kitwe)
_H2
_I0.00
_jN 5310 Sym
_M2
_UAVAILABLE
_y009771
_ZAnnex Low-Usage Collection
995 _aANNEX COLLECTION (Main Library)
_D0.00
_e012320
_FCBU-MAIN LIBRARY (Kitwe)
_H1
_I0.00
_jN 5310 Sym
_M1
_UAVAILABLE
_y009770
_ZAnnex Low-Usage Collection
999 _c84379
_d84379